[Event "Belgrade Spring op"]
[Site "Belgrade"]
[Date "2005.03.27"]
[Round "3"]
[White "Marinkov, Svetislav"]
[Black "Kordic, Nikola"]
[Result "1-0"]
[WhiteElo "2037"]
[BlackElo "2110"]
[PlyCount "133"]
[EventDate "2005.03.25"]
[EventType "swiss"]
[EventRounds "9"]
[EventCountry "YUG"]
[SourceTitle "CBM 105 Extra"]
[Source "ChessBase"]
[SourceDate "2005.05.01"]
[SourceVersion "1"]
[SourceVersionDate "2005.05.01"]
[SourceQuality "1"]

1. e4 e5 2. Nf3 Nc6 3. Bb5 a6 4. Ba4 Nf6 5. 0-0 Be7 6. Re1 b5 7. Bb3 d6 8. c3 0-0 9. h3 Na5 10. Bc2 c5 11. d4 Qc7 12. Nbd2 cxd4 13. cxd4 Bd7 14. Nf1 Rfc8 15. Bd3 Nc6 16. Be3 exd4 17. Nxd4 Ne5 18. Rb1 Bc6 19. Nxc6 Qxc6 20. Ng3 g6 21. f4 Nc4 22. Bd4 Ne8 23. e5 Bh4 24. Kh2 dxe5 25. fxe5 Qe6 26. Re2 Rd8 27. Qg1 Ned6 28. Bc3 Re8 29. b3 Bxg3+ 30. Kxg3 Nb6 31. Kh2 Nd5 32. Bb2 Rac8 33. Rd2 Nf5 34. Bxf5 gxf5 35. Qd4 Ne7 36. Qf2 Ng6 37. Rd6 Qe7 38. Re1 f4 39. Rxa6 Rc7 40. Rd6 Rec8 41. Rd2 Qg5 42. Qf3 h5 43. Kh1 Nh4 44. Qf2 Nf5 45. Kg1 Ne3 46. Bd4 Nc2 47. Rc1 Nxd4 48. Rxc7 Rxc7 49. Rxd4 Qxe5 50. Rxf4 Rc1+ 51. Kh2 Ra1 52. Qg3+ Kh8 53. a4 b4 54. Rf3 Qe6 55. Qb8+ Kh7 56. Qxb4 Re1 57. Rxf7+ Qxf7 58. Qxe1 Qxb3 59. Qe7+ Kg6 60. Qd6+ Kh7 61. a5 Qa4 62. a6 h4 63. Qc7+ Kg6 64. a7 Kh5 65. Qh7+ Kg5 66. Qg8+ Kh5 67. Qg4+ 1-0

[Event "Belgrade Zimski op"]
[Site "Belgrade"]
[Date "2005.01.29"]
[Round "7"]
[White "Radusinovic, Lazar"]
[Black "Kordic, Nikola"]
[Result "0-1"]
[WhiteElo "1993"]
[BlackElo "2110"]
[PlyCount "56"]
[EventDate "2005.01.22"]
[EventType "swiss"]
[EventRounds "9"]
[EventCountry "YUG"]
[SourceTitle "CBM 104 Extra"]
[Source "ChessBase"]
[SourceDate "2005.03.01"]
[SourceVersion "1"]
[SourceVersionDate "2005.03.01"]
[SourceQuality "1"]

1. d4 d5 2. c4 e6 3. Nc3 Nf6 4. Nf3 Nbd7 5. e3 Be7 6. Bd3 0-0 7. 0-0 dxc4 8. Bxc4 c5 9. a3 b6 10. dxc5 Nxc5 11. b4 Nce4 12. Nxe4 Nxe4 13. Qc2 Bb7 14. Bd3 Rc8 15. Qb1 Bf6 16. Nd4 Nc3 17. Qc2 e5 18. Bxh7+ Kh8 19. Bf5 exd4 20. Bxc8 Qxc8 21. exd4 Bxd4 22. Kh1 Bxg2+ 23. Kxg2 Qg4+ 24. Kh1 Qf3+ 25. Kg1 Ne2+ 26. Qxe2 Qxe2 27. Rb1 Qg4+ 28. Kh1 Qe4+ 0-1